[Event "DVM U14w 2018"]
[Site "Neumünster GER"]
[Date "2018.12.29"]
[Round "5"]
[White "Voigt, Anastasia"]
[Black "Fege, Astrid"]
[Result "1-0"]
[Termination "normal"]
[Board "1.4"]
[WhiteElo "1421"]
[BlackElo "1235"]
[WhiteClock "01:09:34"]
[BlackClock "00:19:10"]
[WhiteTeam "USV Halle"]
[BlackTeam "SG Leipzig"]
[PlyCount "157"]
[WhiteFideId "16235223"]
[BlackFideId "16217152"]
[EventCountry "GER"]
[EventRounds "7"]
[EventType "team-swiss"]
[EventDate "2018.12.26"]

1. e4 {[%clk 01:30:59]} c5 {[%clk 01:30:55]} {[%emt 00:00:06]} 2. Nf3 {[%clk
01:31:17]} {[%emt 00:00:11]} d6 {[%clk 01:31:20]} {[%emt 00:00:06]} 3. d4
{[%clk 01:31:36]} {[%emt 00:00:11]} cxd4 {[%clk 01:31:46]} {[%emt 00:00:04]} 4.
Nxd4 {[%clk 01:31:59]} {[%emt 00:00:06]} Nf6 {[%clk 01:32:13]} {[%emt
00:00:04]} 5. Nc3 {[%clk 01:32:15]} {[%emt 00:00:14]} g6 {[%clk 01:32:34]}
{[%emt 00:00:08]} 6. Be3 {[%clk 01:32:09]} {[%emt 00:00:35]} Bg7 {[%clk
01:32:38]} {[%emt 00:00:27]} 7. Bc4 {[%clk 01:31:48]} {[%emt 00:00:51]} O-O
{[%clk 01:32:52]} {[%emt 00:00:17]} 8. f3 {[%clk 01:32:08]} {[%emt 00:00:10]}
Nc6 {[%clk 01:33:03]} {[%emt 00:00:19]} 9. Qd2 {[%clk 01:31:52]} {[%emt
00:00:45]} Bd7 {[%clk 01:33:20]} {[%emt 00:00:14]} 10. O-O-O {[%clk 01:31:48]}
{[%emt 00:00:33]} Rc8 {[%clk 01:33:16]} {[%emt 00:00:35]} 11. Bb3 {[%clk
01:31:54]} {[%emt 00:00:23]} Ne5 {[%clk 01:33:22]} {[%emt 00:00:25]} 12. Bh6
{[%clk 01:30:37]} {[%emt 00:01:45]} Nc4 {[%clk 01:32:27]} {[%emt 00:01:26]} 13.
Bxc4 {[%clk 01:30:32]} {[%emt 00:00:35]} Rxc4 {[%clk 01:32:23]} {[%emt
00:00:35]} 14. Bxg7 {[%clk 01:30:41]} {[%emt 00:00:20]} Kxg7 {[%clk 01:32:23]}
{[%emt 00:00:31]} 15. g4 {[%clk 01:30:42]} {[%emt 00:00:28]} Qa5 {[%clk
01:31:36]} {[%emt 00:01:18]} 16. h4 {[%clk 01:28:30]} {[%emt 00:02:42]} Rfc8
{[%clk 01:31:18]} {[%emt 00:00:48]} 17. Nb3 {[%clk 01:25:23]} {[%emt 00:03:36]}
Qb6 {[%clk 01:25:38]} {[%emt 00:06:10]} 18. h5 {[%clk 01:24:38]} {[%emt
00:01:13]} a5 {[%clk 01:21:07]} {[%emt 00:05:03]} 19. hxg6 {[%clk 01:23:52]}
{[%emt 00:01:15]} fxg6 {[%clk 01:20:03]} {[%emt 00:01:34]} 20. Qh6+ {[%clk
01:22:54]} {[%emt 00:01:24]} Kg8 {[%clk 01:18:49]} {[%emt 00:01:49]} 21. Rd2
{[%clk 01:11:56]} {[%emt 00:11:22]} a4 {[%clk 01:14:21]} {[%emt 00:05:03]} 22.
Nd5 {[%clk 01:09:14]} {[%emt 00:03:12]} axb3 {[%clk 00:52:48]} {[%emt
00:22:04]} 23. axb3 {[%clk 01:06:43]} {[%emt 00:03:00]} Qxb3 {[%clk 00:50:50]}
{[%emt 00:02:29]} 24. Nxe7+ {[%clk 00:57:37]} {[%emt 00:09:35]} Kf7 {[%clk
00:49:41]} {[%emt 00:01:39]} 25. Nxc8 {[%clk 00:57:20]} {[%emt 00:00:47]} Rxc8
{[%clk 00:48:28]} {[%emt 00:01:44]} 26. c3 {[%clk 00:51:26]} {[%emt 00:06:24]}
Qa2 {[%clk 00:40:33]} {[%emt 00:08:25]} 27. Kd1 {[%clk 00:49:26]} {[%emt
00:02:29]} Qa1+ {[%clk 00:36:30]} {[%emt 00:04:34]} 28. Ke2 {[%clk 00:49:38]}
{[%emt 00:00:13]} Qa6+ {[%clk 00:35:58]} {[%emt 00:01:06]} 29. Kf2 {[%clk
00:49:53]} {[%emt 00:00:15]} Bxg4 {[%clk 00:35:55]} {[%emt 00:00:34]} 30. Qf4
{[%clk 00:49:22]} {[%emt 00:00:51]} Qb6+ {[%clk 00:25:30]} {[%emt 00:11:05]}
31. Kg3 {[%clk 00:47:53]} {[%emt 00:01:55]} Bh5 {[%clk 00:10:58]} {[%emt
00:15:38]} 32. Rxd6 {[%clk 00:47:23]} {[%emt 00:01:27]} Qc7 {[%clk 00:10:13]}
{[%emt 00:01:16]} 33. Rxf6+ {[%clk 00:46:53]} {[%emt 00:00:59]} Kg7 {[%clk
00:10:09]} {[%emt 00:00:34]} 34. Qxc7+ {[%clk 00:46:32]} {[%emt 00:00:51]} Rxc7
{[%clk 00:10:32]} {[%emt 00:00:08]} 35. Rb6 {[%clk 00:46:40]} {[%emt 00:00:18]}
Rf7 {[%clk 00:09:52]} {[%emt 00:01:13]} 36. f4 {[%clk 00:46:51]} {[%emt
00:00:18]} Be2 {[%clk 00:09:08]} {[%emt 00:01:15]} 37. Re1 {[%clk 00:47:01]}
{[%emt 00:00:15]} Bd3 {[%clk 00:08:19]} {[%emt 00:01:25]} 38. e5 {[%clk
00:47:23]} {[%emt 00:00:08]} Bf5 {[%clk 00:08:11]} {[%emt 00:00:38]} 39. c4
{[%clk 00:46:14]} {[%emt 00:01:38]} Rc7 {[%clk 00:07:11]} {[%emt 00:01:31]} 40.
Rc1 {[%clk 00:44:50]} {[%emt 00:01:51]} Kf7 {[%clk 00:05:21]} {[%emt 00:02:22]}
41. c5 {[%clk 00:44:45]} {[%emt 00:00:34]} Bd7 {[%clk 00:04:21]} {[%emt
00:01:31]} 42. b4 {[%clk 00:42:27]} {[%emt 00:02:46]} Ke7 {[%clk 00:00:41]}
{[%emt 00:04:12]} 43. b5 {[%clk 00:41:51]} {[%emt 00:01:05]} Kf7 {[%clk
00:30:06]} {[%emt 00:01:06]} 44. c6 {[%clk 01:11:07]} {[%emt 00:01:12]} bxc6
{[%clk 00:30:11]} {[%emt 00:00:27]} 45. bxc6 {[%clk 01:11:28]} {[%emt
00:00:09]} Bc8 {[%clk 00:30:11]} {[%emt 00:00:30]} 46. Rb2 {[%clk 01:11:32]}
{[%emt 00:00:25]} Ke6 {[%clk 00:30:14]} {[%emt 00:00:28]} 47. Rd2 {[%clk
01:11:40]} {[%emt 00:00:22]} Kf5 {[%clk 00:30:00]} {[%emt 00:00:44]} 48. Kf3
{[%clk 01:10:04]} {[%emt 00:02:00]} Be6 {[%clk 00:29:09]} {[%emt 00:01:27]} 49.
Rd6 {[%clk 01:09:54]} {[%emt 00:00:40]} h6 {[%clk 00:28:12]} {[%emt 00:01:27]}
50. Rh1 {[%clk 01:08:14]} {[%emt 00:00:35]} Rxc6 {[%clk 00:28:18]} {[%emt
00:02:00]} 51. Rxh6 {[%clk 01:06:12]} {[%emt 00:02:30]} Rxd6 {[%clk 00:26:08]}
{[%emt 00:02:41]} 52. exd6 {[%clk 01:06:28]} {[%emt 00:00:14]} Bd7 {[%clk
00:26:26]} {[%emt 00:00:13]} 53. Rh2 {[%clk 01:06:01]} {[%emt 00:00:53]} Bc6+
{[%clk 00:23:25]} {[%emt 00:03:35]} 54. Kg3 {[%clk 01:05:59]} {[%emt 00:00:30]}
Bd7 {[%clk 00:23:29]} {[%emt 00:00:27]} 55. Rd2 {[%clk 01:06:16]} {[%emt
00:00:13]} Ke6 {[%clk 00:22:10]} {[%emt 00:01:48]} 56. Kh4 {[%clk 01:06:05]}
{[%emt 00:00:40]} Kf5 {[%clk 00:16:56]} {[%emt 00:05:46]} 57. Rd4 {[%clk
01:05:45]} {[%emt 00:00:48]} Ke6 {[%clk 00:15:32]} {[%emt 00:01:57]} 58. Kg5
{[%clk 01:05:47]} {[%emt 00:00:25]} Be8 {[%clk 00:15:46]} {[%emt 00:00:18]} 59.
d7 {[%clk 01:04:07]} {[%emt 00:02:10]} Bxd7 {[%clk 00:15:13]} {[%emt 00:01:04]}
60. Rxd7 {[%clk 01:04:13]} {[%emt 00:00:24]} Kxd7 {[%clk 00:15:37]} {[%emt
00:00:06]} 61. Kxg6 {[%clk 01:04:29]} {[%emt 00:00:13]} Ke7 {[%clk 00:12:47]}
{[%emt 00:03:20]} 62. f5 {[%clk 01:04:37]} {[%emt 00:00:22]} Kf8 {[%clk
00:12:45]} {[%emt 00:00:32]} 63. Kf6 {[%clk 01:05:00]} {[%emt 00:00:07]} Ke8
{[%clk 00:13:04]} {[%emt 00:00:12]} 64. Kg7 {[%clk 01:05:25]} {[%emt 00:00:04]}
Ke7 {[%clk 00:13:24]} {[%emt 00:00:11]} 65. f6+ {[%clk 01:05:50]} {[%emt
00:00:05]} Ke8 {[%clk 00:13:46]} {[%emt 00:00:08]} 66. f7+ {[%clk 01:06:15]}
{[%emt 00:00:05]} Ke7 {[%clk 00:14:13]} {[%emt 00:00:03]} 67. f8=Q+ {[%clk
01:06:37]} {[%emt 00:00:07]} Ke6 {[%clk 00:14:40]} {[%emt 00:00:03]} 68. Qf4
{[%clk 01:06:47]} {[%emt 00:00:19]} Kd5 {[%clk 00:15:03]} {[%emt 00:00:08]} 69.
Qe3 {[%clk 01:07:10]} {[%emt 00:00:07]} Kc4 {[%clk 00:15:27]} {[%emt 00:00:06]}
70. Qd2 {[%clk 01:07:29]} {[%emt 00:00:11]} Kc5 {[%clk 00:15:53]} {[%emt
00:00:04]} 71. Kf6 {[%clk 01:07:46]} {[%emt 00:00:14]} Kc4 {[%clk 00:16:17]}
{[%emt 00:00:06]} 72. Ke5 {[%clk 01:08:05]} {[%emt 00:00:09]} Kc5 {[%clk
00:16:44]} {[%emt 00:00:05]} 73. Qd4+ {[%clk 01:08:15]} {[%emt 00:00:19]} Kc6
{[%clk 00:17:08]} {[%emt 00:00:05]} 74. Qd5+ {[%clk 01:08:28]} {[%emt
00:00:18]} Kc7 {[%clk 00:17:31]} {[%emt 00:00:07]} 75. Qd6+ {[%clk 01:08:50]}
{[%emt 00:00:07]} Kb7 {[%clk 00:17:55]} {[%emt 00:00:06]} 76. Kd5 {[%clk
01:08:46]} {[%emt 00:00:34]} Kc8 {[%emt 00:00:13]} 77. Qe7 {[%clk 01:08:59]}
{[%emt 00:00:12]} Kb8 {[%clk 00:18:44]} {[%emt 00:00:04]} 78. Kc6 {[%clk
01:09:16]} {[%emt 00:00:12]} Ka8 {[%clk 00:19:10]} {[%emt 00:00:05]} 79. Qb7#
{[%clk 01:09:34]} {[%emt 00:00:12]} 1-0

[Event "DVM U14w 2018"]
[Site "Neumünster GER"]
[Date "2018.12.29"]
[Round "5"]
[White "Brunner, Sophia"]
[Black "Krömer, Paulina"]
[Result "1-0"]
[Termination "normal"]
[Board "2.1"]
[WhiteElo "1755"]
[BlackElo "1525"]
[WhiteClock "00:20:08"]
[BlackClock "01:04:02"]
[WhiteTeam "SC Papenburg"]
[BlackTeam "SG Blau-Weiß Stadtilm"]
[PlyCount "95"]
[WhiteFideId "12960683"]
[BlackFideId "16212363"]
[EventCountry "GER"]
[EventRounds "7"]
[EventType "team-swiss"]
[EventDate "2018.12.26"]

1. d4 {[%clk 01:30:57]} {[%emt 00:00:02]} Nf6 {[%clk 01:30:56]} {[%emt
00:00:04]} 2. Nf3 {[%clk 01:31:21]} {[%emt 00:00:07]} e6 {[%clk 01:31:18]}
{[%emt 00:00:08]} 3. Bg5 {[%clk 01:26:44]} {[%emt 00:05:06]} Be7 {[%clk
01:28:22]} {[%emt 00:03:27]} 4. e3 {[%clk 01:24:16]} {[%emt 00:02:58]} d5
{[%clk 01:26:32]} {[%emt 00:02:20]} 5. c4 {[%clk 01:23:27]} {[%emt 00:01:19]}
Nbd7 {[%clk 01:22:46]} {[%emt 00:04:16]} 6. Nc3 {[%clk 01:22:48]} {[%emt
00:01:09]} O-O {[%clk 01:21:24]} {[%emt 00:01:51]} 7. Bd3 {[%clk 01:19:57]}
{[%emt 00:03:21]} c6 {[%clk 01:18:15]} {[%emt 00:03:38]} 8. O-O {[%clk
01:12:49]} {[%emt 00:07:40]} h6 {[%clk 01:14:21]} {[%emt 00:04:23]} 9. Bh4
{[%clk 01:02:01]} {[%emt 00:11:19]} g5 {[%clk 01:08:01]} {[%emt 00:06:50]} 10.
Bg3 {[%clk 00:58:18]} {[%emt 00:04:12]} Nh5 {[%clk 01:03:10]} {[%emt 00:05:21]}
11. Nd2 {[%clk 00:21:50]} {[%emt 00:36:59]} Nxg3 {[%clk 01:02:23]} {[%emt
00:01:17]} 12. fxg3 {[%clk 00:19:39]} {[%emt 00:02:41]} Kg7 {[%clk 00:58:01]}
{[%emt 00:04:51]} 13. Nf3 {[%clk 00:16:15]} {[%emt 00:03:54]} f5 {[%clk
00:57:52]} {[%emt 00:00:39]} 14. b3 {[%clk 00:13:34]} {[%emt 00:03:12]} g4
{[%clk 00:54:16]} {[%emt 00:04:05]} 15. Nd2 {[%clk 00:11:46]} {[%emt 00:02:18]}
h5 {[%clk 00:52:34]} {[%emt 00:02:13]} 16. cxd5 {[%clk 00:10:19]} {[%emt
00:01:57]} cxd5 {[%clk 00:52:41]} {[%emt 00:00:23]} 17. Rc1 {[%clk 00:10:38]}
{[%emt 00:00:11]} Nf6 {[%clk 00:48:38]} {[%emt 00:04:33]} 18. Rc2 {[%clk
00:05:51]} {[%emt 00:05:17]} Bd7 {[%clk 00:47:43]} {[%emt 00:01:25]} 19. Qe2
{[%clk 00:05:25]} {[%emt 00:00:56]} a6 {[%clk 00:47:46]} {[%emt 00:00:28]} 20.
Qf2 {[%clk 00:03:36]} {[%emt 00:02:18]} Bd6 {[%clk 00:47:18]} {[%emt 00:00:58]}
21. Ne2 {[%clk 00:02:47]} {[%emt 00:01:19]} Qe7 {[%clk 00:46:30]} {[%emt
00:01:18]} 22. Nb1 {[%clk 00:01:08]} {[%emt 00:02:09]} Ne4 {[%clk 00:46:32]}
{[%emt 00:00:28]} 23. Bxe4 {[%clk 00:01:08]} {[%emt 00:00:30]} fxe4 {[%clk
00:46:06]} {[%emt 00:00:55]} 24. Nf4 {[%clk 00:01:25]} {[%emt 00:00:13]} Bxf4
{[%clk 00:45:51]} {[%emt 00:00:45]} 25. gxf4 {[%clk 00:01:46]} {[%emt
00:00:09]} Rac8 {[%clk 00:44:18]} {[%emt 00:02:03]} 26. Rfc1 {[%clk 00:01:58]}
{[%emt 00:00:18]} Kg6 {[%clk 00:42:47]} {[%emt 00:02:01]} 27. Rxc8 {[%clk
00:01:41]} {[%emt 00:00:47]} Bxc8 {[%clk 00:42:40]} {[%emt 00:00:37]} 28. Qd2
{[%clk 00:01:26]} {[%emt 00:00:46]} h4 {[%clk 00:42:08]} {[%emt 00:01:01]} 29.
Qe2 {[%clk 00:01:39]} {[%emt 00:00:17]} Kf5 {[%clk 00:41:43]} {[%emt 00:00:55]}
30. h3 {[%clk 00:00:47]} {[%emt 00:01:22]} Qg7 {[%clk 00:41:43]} {[%emt
00:00:30]} 31. Qxg4+ {[%clk 00:01:00]} {[%emt 00:00:18]} Qxg4 {[%clk 00:41:49]}
{[%emt 00:00:23]} 32. hxg4+ {[%clk 00:01:28]} {[%emt 00:00:03]} Kxg4 {[%clk
00:42:09]} {[%emt 00:00:10]} 33. Rc7 {[%clk 00:01:53]} {[%emt 00:00:05]} h3
{[%clk 00:41:13]} {[%emt 00:01:25]} 34. Rg7+ {[%clk 00:02:11]} {[%emt
00:00:12]} Kf5 {[%clk 00:40:41]} {[%emt 00:01:02]} 35. gxh3 {[%clk 00:02:28]}
{[%emt 00:00:14]} Rh8 {[%clk 00:40:24]} {[%emt 00:00:47]} 36. Kg2 {[%clk
00:02:08]} {[%emt 00:00:50]} Kf6 {[%clk 00:39:59]} {[%emt 00:00:55]} 37. Rc7
{[%clk 00:01:46]} {[%emt 00:00:52]} Rd8 {[%clk 00:39:04]} {[%emt 00:01:24]} 38.
Nc3 {[%clk 00:01:53]} {[%emt 00:00:24]} b6 {[%clk 00:38:17]} {[%emt 00:01:17]}
39. Na4 {[%clk 00:01:58]} {[%emt 00:00:25]} Bd7 {[%clk 00:38:09]} {[%emt
00:00:38]} 40. Nxb6 {[%clk 00:01:41]} {[%emt 00:00:47]} Bb5 {[%clk 00:38:30]}
{[%emt 00:00:09]} 41. a4 {[%clk 00:20:40]} {[%emt 00:11:31]} Rg8+ {[%clk
01:07:14]} {[%emt 00:01:46]} 42. Kf2 {[%clk 00:20:52]} {[%emt 00:00:17]} Bd3
{[%clk 01:07:37]} {[%emt 00:00:08]} 43. Nd7+ {[%clk 00:18:46]} {[%emt
00:02:37]} Ke7 {[%clk 01:05:43]} {[%emt 00:02:23]} 44. Ne5+ {[%clk 00:19:04]}
{[%emt 00:00:11]} Kf8 {[%clk 01:02:54]} {[%emt 00:03:19]} 45. Rc8+ {[%clk
00:18:58]} {[%emt 00:00:36]} Kg7 {[%clk 01:03:18]} {[%emt 00:00:06]} 46. Rxg8+
{[%clk 00:19:24]} {[%emt 00:00:04]} Kxg8 {[%clk 01:03:38]} {[%emt 00:00:10]}
47. Nxd3 {[%clk 00:19:44]} {[%emt 00:00:11]} exd3 {[%clk 01:04:02]} {[%emt
00:00:06]} 48. b4 {[%clk 00:20:08]} {[%emt 00:00:06]} 1-0

[Event "DVM U14w 2018"]
[Site "Neumünster GER"]
[Date "2018.12.29"]
[Round "5"]
[White "Schmidt, Pauline"]
[Black "Roncea, Andreea-Alexandra"]
[Result "1-0"]
[Termination "normal"]
[Board "2.2"]
[WhiteElo "1504"]
[BlackElo "1511"]
[WhiteClock "00:02:18"]
[BlackClock "00:00:50"]
[WhiteTeam "SG Blau-Weiß Stadtilm"]
[BlackTeam "SC Papenburg"]
[PlyCount "73"]
[WhiteFideId "16209850"]
[BlackFideId "16233115"]
[EventCountry "GER"]
[EventRounds "7"]
[EventType "team-swiss"]
[EventDate "2018.12.26"]

1. e4 {[%clk 01:30:58]} {[%emt 00:00:02]} e5 {[%clk 01:30:51]} {[%emt
00:00:09]} 2. Nf3 {[%clk 01:31:20]} {[%emt 00:00:07]} Nc6 {[%clk 01:31:14]}
{[%emt 00:00:08]} 3. Bc4 {[%clk 01:31:40]} {[%emt 00:00:10]} Nf6 {[%clk
01:31:31]} {[%emt 00:00:13]} 4. d4 {[%clk 01:31:57]} {[%emt 00:00:13]} exd4
{[%clk 01:31:46]} {[%emt 00:00:15]} 5. O-O {[%clk 01:32:12]} {[%emt 00:00:14]}
Nxe4 {[%clk 01:32:04]} {[%emt 00:00:12]} 6. Re1 {[%clk 01:32:24]} {[%emt
00:00:18]} d5 {[%clk 01:32:22]} {[%emt 00:00:13]} 7. Bxd5 {[%clk 01:32:39]}
{[%emt 00:00:14]} Qxd5 {[%clk 01:32:38]} {[%emt 00:00:15]} 8. Nc3 {[%clk
01:32:56]} {[%emt 00:00:13]} Qh5 {[%clk 01:32:46]} {[%emt 00:00:21]} 9. Nxe4
{[%clk 01:33:12]} {[%emt 00:00:14]} Be6 {[%clk 01:32:40]} {[%emt 00:00:35]} 10.
Bg5 {[%clk 01:30:34]} {[%emt 00:03:10]} Bd6 {[%clk 01:32:11]} {[%emt 00:00:58]}
11. h3 {[%clk 01:21:16]} {[%emt 00:09:48]} Be7 {[%clk 01:21:01]} {[%emt
00:11:40]} 12. Bxe7 {[%clk 01:17:45]} {[%emt 00:04:01]} Nxe7 {[%clk 01:20:16]}
{[%emt 00:01:16]} 13. Qxd4 {[%clk 01:12:46]} {[%emt 00:05:29]} O-O {[%clk
01:15:45]} {[%emt 00:05:00]} 14. Neg5 {[%clk 01:06:41]} {[%emt 00:06:36]} Nc6
{[%clk 01:06:55]} {[%emt 00:09:20]} 15. Qc3 {[%clk 01:01:11]} {[%emt 00:05:59]}
Bd5 {[%clk 00:59:59]} {[%emt 00:07:21]} 16. Rad1 {[%clk 00:57:14]} {[%emt
00:04:32]} Rad8 {[%clk 00:56:31]} {[%emt 00:03:59]} 17. Ne4 {[%clk 00:39:02]}
{[%emt 00:18:42]} Bxe4 {[%clk 00:40:13]} {[%emt 00:16:49]} 18. Rxd8 {[%clk
00:38:54]} {[%emt 00:00:37]} Rxd8 {[%clk 00:40:31]} {[%emt 00:00:12]} 19. Rxe4
{[%clk 00:39:01]} {[%emt 00:00:23]} Qd5 {[%clk 00:27:43]} {[%emt 00:13:18]} 20.
Qe3 {[%clk 00:29:03]} {[%emt 00:10:26]} h6 {[%clk 00:24:10]} {[%emt 00:04:04]}
21. a3 {[%clk 00:24:55]} {[%emt 00:04:39]} a6 {[%clk 00:20:40]} {[%emt
00:04:00]} 22. Qe2 {[%clk 00:20:07]} {[%emt 00:05:17]} Qd1+ {[%clk 00:15:04]}
{[%emt 00:06:06]} 23. Qxd1 {[%clk 00:19:15]} {[%emt 00:01:22]} Rxd1+ {[%clk
00:15:31]} {[%emt 00:00:03]} 24. Re1 {[%clk 00:19:33]} {[%emt 00:00:13]} Rd7
{[%clk 00:14:50]} {[%emt 00:01:10]} 25. c3 {[%clk 00:17:16]} {[%emt 00:02:48]}
Kf8 {[%clk 00:14:24]} {[%emt 00:00:54]} 26. Kf1 {[%clk 00:15:37]} {[%emt
00:02:11]} b6 {[%clk 00:10:16]} {[%emt 00:04:39]} 27. Nh4 {[%clk 00:12:02]}
{[%emt 00:04:04]} g6 {[%clk 00:09:21]} {[%emt 00:01:22]} 28. Nf3 {[%clk
00:10:51]} {[%emt 00:01:43]} Kg7 {[%clk 00:06:55]} {[%emt 00:02:56]} 29. Ke2
{[%clk 00:07:09]} {[%emt 00:04:12]} Kf6 {[%clk 00:05:42]} {[%emt 00:01:40]} 30.
Ke3 {[%clk 00:05:47]} {[%emt 00:01:56]} Na5 {[%clk 00:04:48]} {[%emt 00:01:21]}
31. Kf4 {[%clk 00:04:37]} {[%emt 00:01:43]} Nc4 {[%clk 00:02:42]} {[%emt
00:02:35]} 32. Rb1 {[%clk 00:04:18]} {[%emt 00:00:49]} g5+ {[%clk 00:01:40]}
{[%emt 00:01:32]} 33. Kg4 {[%clk 00:03:40]} {[%emt 00:01:08]} Ne5+ {[%clk
00:01:30]} {[%emt 00:00:41]} 34. Kg3 {[%clk 00:03:47]} {[%emt 00:00:23]} Nxf3
{[%clk 00:01:50]} {[%emt 00:00:10]} 35. Kxf3 {[%clk 00:04:15]} {[%emt
00:00:01]} Rd2 {[%clk 00:01:56]} {[%emt 00:00:24]} 36. Ke3 {[%clk 00:04:17]}
{[%emt 00:00:28]} Rc2 {[%clk 00:00:50]} {[%emt 00:01:36]} 37. Kf3 {[%clk
00:02:18]} {[%emt 00:02:30]} 1-0